00544 2200181 4500245008200000020001800082250001100100100001900111650001800130650002100148005001900169260004200188041001400230084000800244300002300252500007800275336000900353 aEnglish Classics b : Alice's Adventures in WonderlandcCarroll, LewishText a9786020387871 aCet. 7 aCarroll, Lewis aFiksi Inggris aEnglish Classics a20240111134315 aJakartabGramedia Pustaka Utamac2023 aIndonesia a823 a122 hlm. :c18 cm. a"I knew who I was this morning, but I've changed a few times since then." atext